书目信息 |
| 题名: |
实用电子产品制作实例
|
|
| 作者: | 徐永忠 , 赵艳玲 , 张群 主编 | |
| 分册: | ||
| 出版信息: | 成都 西南交通大学出版社 2021.7 |
|
| 页数: | 159页 | |
| 开本: | 26cm | |
| 丛书名: | ||
| 单 册: | ||
| 中图分类: | TN605 | |
| 科图分类: | ||
| 主题词: | 电子产品--制作--教材 | |
| 电子资源: | ||
| ISBN: | 978-7-5643-3800-8 | |
| 000 | 01000nam0 2200253 45 | |
| 001 | 012001002752 | |
| 005 | 20141008113236.0 | |
| 010 | @a978-7-5643-3800-8@dCNY27.00 | |
| 100 | @a20150527d2015 em y0chiy50 ea | |
| 101 | 0 | @achi |
| 102 | @aCN@b510000 | |
| 105 | @aa z 000yy | |
| 106 | @ar | |
| 200 | 1 | @a实用电子产品制作实例@Ashi yong dian zi chan pin zhi zuo shi li@b专著@f徐永忠,赵艳玲,张群主编 |
| 210 | @a成都@c西南交通大学出版社@d2021.7 | |
| 215 | @a159页@c图@d26cm | |
| 330 | @a本书主要内容包括稳压电源、超外差式收音机、立体声功率放大器和电视机等十个常用项目。将电子产品装接与调试的工艺逐步深入到由简单到复杂的电子产品生产装配的主线中,让学生在各类产品装接与调试过程中学习并熟悉电子产品装接与调试工艺。 | |
| 606 | 0 | @a电子产品@x制作@j教材 |
| 690 | @aTN605@v5 | |
| 701 | 0 | @a徐永忠@Axu yong zhong@4主编 |
| 701 | 0 | @a赵艳玲@Azhao yan ling@c(女,@f1971 )@4主编 |
| 701 | 0 | @a张群@Azhang qun@c(女,@f1968 )@4主编 |
| 801 | 2 | @aCN@bBJSDL@c20211018 |
| 905 | @b1344785-8@dTN605@e105@f4 | |
| 实用电子产品制作实例/徐永忠,赵艳玲,张群主编.-成都:西南交通大学出版社,2021.7 |
| 159页:图;26cm |
| ISBN 978-7-5643-3800-8:CNY27.00 |
| 本书主要内容包括稳压电源、超外差式收音机、立体声功率放大器和电视机等十个常用项目。将电子产品装接与调试的工艺逐步深入到由简单到复杂的电子产品生产装配的主线中,让学生在各类产品装接与调试过程中学习并熟悉电子产品装接与调试工艺。 |
| ● |
| 相关链接 |
|
|
|
|
正题名:实用电子产品制作实例
索取号:TN605/105
 
预约/预借
| 序号 | 登录号 | 条形码 | 馆藏地/架位号 | 状态 | 备注 |
| 1 | 1344785 | 213447858 | 第二样本阅览室/ [索取号:TN605/105] | 在馆 | |
| 2 | 1344786 | 213447867 | 第三借阅区/ [索取号:TN605/105] | 在馆 | |
| 3 | 1344787 | 213447876 | 第三借阅区/ [索取号:TN605/105] | 在馆 | |
| 4 | 1344788 | 213447885 | 第三借阅区/ [索取号:TN605/105] | 在馆 |